000 00333nam a2200133Ia 4500
008 100328s9999 xx 000 0 und d
082 _b34276
100 _aकर्णिक हेमन.
245 _aसी वॉर
260 _bरावजी
630 _aसी वॉर
730 _aसी वॉर
942 _cBOOK
999 _c524484
_d524481